01645nam a2200277 a 450000100100000000500170001000800410002702000150006804000250008308200280010824501470013626000690028330000290035259000260038150400730040765000420048065000550052271000610057791000380063895201250067695201310080195201400093295201400107295201400121299900150135200000483220200929151520.0090727s1999 dr b 000 0 spa d a9291430595 aDO-SdBNPbspacBNPHU a306.097293bH117p, 199900aHacia un programa de desarrollo cultural para la República Dominicana. :binformes sobre el diagnóstico participativo del sector cultural. aSanto Domingo :bConsejo Presidencial de Cultura :bPNUD,c1999. a366 p. :bmap. ;c22 cm. aInventariado, 2018/BT aIncluye referencias bibliográficas y notas al pie de las páginas 4aCulturazRepública Dominicana91983 4aPolítica culturalxRepública dominicana91402622aPrograma de la Naciones Unidas para el Desarrollo914027 aValidado. Control de calidad. MFF 0010718PDaPDbPDcHDd2009-07-27iLF1l0o306.097293 H117p, 1999p4832-10r2020-06-25w2020-06-25yLFPDZNo se presta 0010718PDaPDbPDcHDd2009-07-27iLF1l0o306.097293 H117p, 1999p4832-20r2020-06-25te. 2w2020-06-25yLFPDZNo se presta 001054708DSaPDbPDcHDd2009-07-27iLF1l0o306.097293 H117p, 1999p4832-30r2020-06-25te. 3w2020-06-25yLFDSZPréstamo en sala 001054708DSaPDbPDcHDd2015-03-25iLF1l0o306.097293 H117p, 1999p4832-40r2020-06-25te. 4w2020-06-25yLFDSZPréstamo en sala 001054708DSaPDbPDcHDd2015-03-25iLF1l0o306.097293 H117p, 1999p4832-50r2020-06-25te. 5w2020-06-25yLFDSZPréstamo en sala c4638d4638